Franco Basaglia : la rupture (notice n° 2215712)
[ vue normale ]
| 000 -LEADER | |
|---|---|
| fixed length control field | 01046cam a2200157 4500500 |
| 005 - DATE AND TIME OF LATEST TRANSACTION | |
| control field | 20260419004928.0 |
| 041 ## - LANGUAGE CODE | |
| Language code of text/sound track or separate title | fre |
| 042 ## - AUTHENTICATION CODE | |
| Authentication code | dc |
| 100 10 - MAIN ENTRY--PERSONAL NAME | |
| Personal name | Bonnafé, Lucien |
| Relator term | author |
| 245 00 - TITLE STATEMENT | |
| Title | Franco Basaglia : la rupture |
| 260 ## - PUBLICATION, DISTRIBUTION, ETC. | |
| Date of publication, distribution, etc. | 2003.<br/> |
| 500 ## - GENERAL NOTE | |
| General note | 81 |
| 520 ## - SUMMARY, ETC. | |
| Summary, etc. | Résumé La folie, selon Bonnafé, est donc cette protestation qu’il s’agit d’entendre, comme la poésie elle aussi en bute à la surdité de la raison réductrice. Mais la poésie est œuvre, ce que n’est pas la folie qui n’est que protestation, et si la poésie trouve des lieux pour circuler, la folie quant à elle ne chemine pas, elle ne fait pas le lien social car elle est réduite au nom qui a été donné à l’autre de la raison ; sa vertu est aussi sa limite, ligotée qu’elle est à la surdité qui l’a constituée comme telle. |
| 786 0# - DATA SOURCE ENTRY | |
| Note | VST - Vie sociale et traitements | 78 | 2 | 2003-05-01 | p. 27-28 | 0396-8669 |
| 856 41 - ELECTRONIC LOCATION AND ACCESS | |
| Uniform Resource Identifier | <a href="https://shs.cairn.info/revue-vie-sociale-et-traitements-2003-2-page-27?lang=fr&redirect-ssocas=7080">https://shs.cairn.info/revue-vie-sociale-et-traitements-2003-2-page-27?lang=fr&redirect-ssocas=7080</a> |
Pas d'exemplaire disponible.




Réseaux sociaux